Tous les cantons du Maine-et-Loire (49) - Statistiques

Statistiques générales
  • Ce quiz a été pris 89 fois
  • Le résultat moyen est 15 sur 21
Réponses sur la Carte
Les réponses sont colorées sur une échelle allant du rouge au vert en fonction du pourcentage des utilisateurs qui les ont devinées à leur premier essai. Vous pouvez retrouver ces pourcentages ci-dessous.
 
Statistiques - réponses
Canton % Correct
Angers-5
96%
Angers-6
96%
Angers-7
96%
Angers-1
96%
Angers-2
96%
Angers-3
96%
Angers-4
96%
Cholet-2
92%
Cholet-1
92%
Saumur
87%
Segré-en-Anjou Bleu
81%
Beaupréau-en-Mauges
74%
Chemillé-en-Anjou
64%
Doué-en-Anjou
53%
Mauges-sur-Loire
51%
Sèvremoine
49%
Longué-Jumelles
43%
Chalonnes-sur-Loire
40%
Les Ponts-de-Cé
40%
Beaufort-en-Anjou
36%
Tiercé
30%
Aucun quiz correspondant
Distribution des résultats
% des personnes avec chaque résultat
Percentile par nombre de réponses
Votre historique - résultats
Vous n’avez pas pris ce quiz